Journal of information, control and management systems

Gespeichert in:
Bibliographische Detailangaben
Format: Schriftenreihe
Sprache:Englisch
Veröffentlicht: Žilina Fakulta riadenia a informatiky Žilinskej univerzity v Žiline 2013
Schlagworte:
Tags: Tag hinzufügen
Keine Tags, Fügen Sie das erste Tag hinzu!

MARC

LEADER 00000nas2a2200000 4500
001 0239455
005 20180126120127.9
022 |a 1336-1716 
041 0 |a eng 
044 |a SK 
245 1 0 |a Journal of information, control and management systems 
264 1 |a Žilina  |b Fakulta riadenia a informatiky Žilinskej univerzity v Žiline  |c 2013 
773 0 |w eu_un_cat*0132613 
610 2 0 |a systémy informačné 
610 2 0 |a kontrola 
610 2 0 |a modelovanie 
610 2 0 |a riadenie 
610 2 0 |a matematika 
610 2 0 |a technológie informačné 
610 2 0 |a technológie komunikačné 
610 2 0 |a informatika 
610 2 0 |a manažment 
610 2 0 |a systémy riadenia